000 00496ntaaa2200193 4500
003 01
005 20251027201614.0
008 0714s1973 ag 01
020 _a0311046584
040 _aAR-BaBN
_bspa
_cAR-BaBN
_eaacr
_dRIC
082 _a232.9000 F953h
100 _aFuente, Tomás de la
_99652
245 _aLa hermosa historia de Jesús
250 _a1 ed.
260 _aEl Paso :
_bCasa Bautista,
_c1983
300 _a210 p. ;
_cil.; 21 cm
650 _aJesucristo-Vida
_91884
942 _cBK
999 _c10669
_d10669